000
002310000a22000970004500
100
1
_a
Neira, Armando
245
1
0
_a
Sida : Sangre de tu sangre
300
_a
Vol. 11, Núm 11 (1993), Páginas 16-20
773
0
_t
Cambio 16
942
_c
ANA
999
_c
58501
_d
58501